| 000 | 00303 a2200121 4500 | ||
|---|---|---|---|
| 001 | 64025 | ||
| 082 | _a809.8928 BLY | ||
| 090 |
_c37820 _d37820 |
||
| 100 | _aBlyton Enid | ||
| 245 |
_aFive fall into adventure _hEnglish _cEnid Blyton |
||
| 260 |
_aUK _bHodder Childrens Books _c1997 |
||
| 300 | _a202p. | ||
| 942 |
_aNUST-CAE _k809.8928 BLY |
||
| 999 |
_c299098 _d299098 |
||